| 000 | 03057nam a2200289Ia 4500 | ||
|---|---|---|---|
| 003 | OSt | ||
| 005 | 20210825085219.0 | ||
| 008 | 210310t1994 mx fr 001 0 spa d | ||
| 020 | _a9681641604 | ||
| 040 |
_aCO-JMCR _cCO-JMCR |
||
| 041 | 0 | _aspa | |
| 082 | 0 | 4 |
_a332.67 / _bR715i _223 |
| 100 | 1 |
_aRoemer, Andrés, _917148 _eautor |
|
| 245 | 1 | 0 |
_aIntroducción al análisis económico del derecho / _cAndrés Roemer ; traducción de José Luis Pérez Hernández |
| 250 | _aPrimera edición | ||
| 260 |
_aMéxico : _bInstituto Tecnológico Autónomo de México : Sociedad Mexicana de Geografía y Estadística : Fondo de Cultura Económica, _c©1994 |
||
| 300 |
_axi, 114 páginas ; _c21 cm. |
||
| 490 | 0 | _aObras de economía contemporánea | |
| 500 | _aIncluye notas a pie de página e índice de autores. | ||
| 505 | 0 | _aLa perspectiva tradicional -- La perspectiva neoinstitucional -- La perspectiva de la elección pública -- La perspectiva de los estudios de la crítica jurídica -- La perspectiva de los países de Europa Continental y de América Latina -- Conclusiones del análisis económico del derecho, instrumento de políticas públicas | |
| 520 | 3 | _a"Introducción al análisis económico del derecho es una obra ejemplar que logra una revisión critica de las diferentes perspectivas contemporáneas de política económica involucradas en el fascinante campo del análisis económico del derecho. al que Andrés Roemer aporta nuevos enfoques. Accesible al público en general, la exhaustiva documentación que recopila y analiza el autor hace también de este libro un estudio de suma utilidad para el especialista Robert Cooter, editor. International Review of Law and Economics. ¿De dónde proviene nuestra concepción de las leyes justas? Las investigaciones en el campo del derecho y la economía argumentan que se debe en gran medida al deseo de las sociedades de maximizar el bienestar económico de todos Andrés Roemer en este libro excelente, analiza gran parte de la evidencia y explica el razonamiento detrás de esta y otras conclusiones sorprendentes Eugene Bardach, coeditor. Journal of Policy Analysis and Management. Andrés Roemer dibuja un panorama preciso de las visiones de las perspectivas sobre esta nueva disciplina y dedica un capitulo al caso de México, lo que realza la importancia de este texto pionero Nacido en la ciudad de México cursó la licenciatura en economía en el Instituto Tecnológico Autónomo de México y la licenciatura en derecho en la Universidad Nacional Autónoma de México Obtuvo la maestría en Administración Pública en la Universidad de Harvard, donde recibió el Don K. Price Award Autor de varios ensayos publicados en revistas especializadas, hoy día prepara su tesis de doctorado en la Universidad de Berkeley donde trabaja como profesor invitado. | |
| 650 | 1 | 4 |
_aDerecho _917150 _xAspectos económicos |
| 650 | 2 | 4 |
_aDerecho y economía _95681 |
| 650 | 2 | 4 |
_aRiesgo (Economía) _96747 |
| 700 | 1 |
_aPérez Hernández, José Luis, _etraductor _939653 |
|
| 942 |
_2ddc _cBK |
||
| 999 |
_c8396 _d8396 |
||